Normal view
MARC view
- ضبط الجودة-مواصفات الجودة
Entry Topical Term
001 - CONTROL NUMBER
- control field: 30111
003 - CONTROL NUMBER IDENTIFIER
- control field: JO-AjAnu
005 - DATE AND TIME OF LATEST TRANSACTION
- control field: 20230606075102.0
008 - FIXED-LENGTH DATA ELEMENTS
- fixed length control field: 230606|| aca||aabn | a|a d
040 ## - CATALOGING SOURCE
- Original cataloging agency: JO-AjAnu
- Transcribing agency: JO-AjAnu
150 ## - HEADING--TOPICAL TERM
- Topical term or geographic name entry element: ضبط الجودة-مواصفات الجودة
670 ## - SOURCE DATA FOUND
- Source citation: Work cat.: (JO-AjAnu)15465: حمود، خضير كاظم /منير الشيخ , author 30110, ادارة الجودة في المنظمات المتميزة